[Event "Open Dutch Championship"]
[Site "Dieren NED"]
[Date "2005.07.30"]
[Round "5"]
[White "Odendahl,R"]
[Black "Ikonnikov,Vy"]
[Result "0-1"]
[WhiteElo "2376"]
[BlackElo "2560"]

1.Nf3 d5 2.g3 g6 3.c4 d4 4.d3 Bg7 5.Bg2 e5 6.O-O Ne7 7.b4 O-O 8.Nbd2 Nd7
9.Rb1 Re8 10.Nb3 Nf8 11.Re1 Rb8 12.b5 b6 13.Bb2 Nf5 14.Nfd2 Bb7 15.Ne4 Nd6
16.Nxd6 cxd6 17.e3 dxe3 18.Rxe3 d5 19.Qf1 dxc4 20.dxc4 Bxg2 21.Qxg2 Rc8 22.Rbe1 Rxc4
23.Bxe5 Rxe5 24.Rxe5 Bxe5 25.Rxe5 Qd1+ 26.Qf1 Qxf1+ 27.Kxf1 Ne6 28.Rd5 Kf8
29.Rd7 Ra4 30.Nd2 Nc5 31.Rc7 Rxa2 32.Nc4 Ne4 33.f3 Nd2+ 34.Nxd2 Rxd2 35.Rxa7 Rb2
36.Rb7 Rxb5 37.Kg2 h5 38.h4 Rb2+ 39.Kh3 Rb3 40.Kg2 b5 41.g4 Rb1 42.g5 b4
43.Kh2 b3 44.Kg2 Ke8 45.Kh2 Kd8 46.Kg2 Kc8 47.Rb4 Kc7 48.Kh2 Kc6 49.f4 Kc5
50.Rb7 b2 51.Kg2 Kd4 52.Rb3 Ke4 53.Rb5 Kd3 54.Rb7 Re1  0-1

[Event "15th ETC Women"]
[Site "Gothenburg SWE"]
[Date "2005.07.30"]
[Round "1"]
[White "Foisor,C"]
[Black "Thorsteinsdottir,G"]
[Result "1/2-1/2"]
[WhiteElo "2402"]
[BlackElo "2132"]

1.Nf3 d5 2.g3 Nf6 3.Bg2 g6 4.O-O Bg7 5.d4 O-O 6.c4 c6 7.cxd5 cxd5 8.Nc3 Nc6
9.Ne5 Qb6 10.Na4 Qb5 11.Bf4 Nxe5 12.Bxe5 Bd7 13.b3 Rac8 14.e3 b6 15.Qd2 Bf5
16.Qb2 Rc2 17.Qa3 Qe2 18.Qxe7 Ng4 19.Bxg7 Kxg7 20.Rae1 Qd2 21.Rd1 Qe2 22.Rde1  1/2-1/2

[Event "International"]
[Site "Guelph CAN"]
[Date "2005.07.30"]
[Round "5"]
[White "Burnett,R"]
[Black "Ochkoos,J"]
[Result "1-0"]
[WhiteElo "2433"]
[BlackElo "2275"]

1.Nf3 d5 2.g3 Nf6 3.Bg2 e6 4.O-O Be7 5.d4 O-O 6.c4 c6 7.Nbd2 b6 8.Qc2 Bb7
9.b3 a5 10.Bb2 Na6 11.e4 Rc8 12.Rad1 Qc7 13.a3 Rfd8 14.Rfe1 h6 15.Ne5 Bf8
16.f4 Nb8 17.Bh3 Re8 18.f5 Nbd7 19.fxe6 fxe6 20.Ng6 c5 21.cxd5 exd5 22.e5 Ne4
23.Nxe4 dxe4 24.d5 c4 25.Qxc4 Qd8 26.Qxe4 Nc5 27.Qf3 Qg5 28.Nf4 Rcd8 29.Bg2 Qf5
30.Rd2 Ba6 31.h4 Be7 32.Bh3 Qf8 33.Qe3 Bd6 34.Kh2 Bb8 35.Rf2 Qe7 36.Ng6 Qb7
37.e6 Qxd5 38.e7  1-0

[Event "Open A"]
[Site "Pardubice CZE"]
[Date "2005.07.30"]
[Round "9"]
[White "Visser,Y"]
[Black "Kim,Alex"]
[Result "1-0"]
[WhiteElo "2480"]
[BlackElo "2449"]

1.Nf3 d5 2.g3 c6 3.Bg2 Nf6 4.O-O Nbd7 5.d3 e5 6.e4 dxe4 7.dxe4 Bc5 8.Nh4 Nf8
9.Nd2 Ne6 10.Nf5 O-O 11.Nb3 Bb6 12.Qf3 Nd4 13.Nbxd4 exd4 14.e5 Bxf5 15.Qxf5 Nd5
16.Re1 Re8 17.Bd2 g6 18.Qh3 Bc7 19.e6 f5 20.Re2 Qf6 21.Rae1 Rad8 22.Qh6 f4
23.Re4 Re7 24.R4e2 c5 25.Be4 b6 26.h4 Kh8 27.Kg2 Rd6 28.Bf3 Rd8 29.Be4 Rd6
30.g4 Rd8 31.Bf3 Rf8 32.g5 Qf5 33.Re5 Bxe5 34.Rxe5 Kg8 35.Rxf5 Rxf5 36.h5 Rxe6
37.Bxd5 Rxd5 38.Bxf4 Rf5 39.Kg3 c4 40.hxg6 hxg6 41.Qh1 Ra5 42.Qb7 c3 43.Qc8+ Kf7
44.Qd7+ Re7 45.Qxd4 cxb2 46.Qxb2 Rf5 47.Qh8  1-0

[Event "15th ETC"]
[Site "Gothenburg SWE"]
[Date "2005.07.31"]
[Round "2"]
[White "Karlsson,L"]
[Black "James,Dav"]
[Result "1-0"]
[WhiteElo "2472"]
[BlackElo "2213"]

1.g3 d5 2.Nf3 Nf6 3.Bg2 e6 4.c4 Be7 5.b3 O-O 6.Bb2 c5 7.e3 Nc6 8.O-O b6 9.Qe2 Bb7
10.d3 Qc7 11.Nbd2 Rad8 12.a3 dxc4 13.Nxc4 Nd7 14.Rac1 Qb8 15.Rfd1 Bf6 16.d4 cxd4
17.exd4 Ne7 18.Ne3 Rc8 19.Nc4 Rfd8 20.h4 Bd5 21.Nfe5 Bxg2 22.Kxg2 Nd5 23.Re1 b5
24.Nxf7 bxc4 25.Qxe6 Nf4+ 26.gxf4 Qb7+ 27.Kg1 Nc5 28.Nxd8+ Nxe6 29.Nxb7  1-0

[Event "15th ETC"]
[Site "Gothenburg SWE"]
[Date "2005.07.31"]
[Round "2"]
[White "D'Amore,C"]
[Black "Berend,F"]
[Result "1-0"]
[WhiteElo "2463"]
[BlackElo "2374"]

1.Nf3 d5 2.g3 Bg4 3.Bg2 Nd7 4.O-O c6 5.d3 Ngf6 6.Nbd2 e5 7.h3 Bh5 8.e4 Bd6
9.c3 O-O 10.Qc2 a5 11.a4 Re8 12.Nh4 Nc5 13.Re1 Bf8 14.Nb3 dxe4 15.Nxc5 Bxc5
16.dxe4 Nd7 17.Bf1 Qf6 18.Nf5 Rad8 19.Be2 Bg6 20.Ne3 Nb6 21.h4 Nd5 22.Ng4 Qe6
23.h5 Bxe4 24.Qxe4 f5 25.Qc4 fxg4 26.Qxc5 Qf5 27.Be3 Re6 28.Rad1 Rf8 29.Rxd5 cxd5
30.Qxd5 Kh8 31.Bd3 e4 32.Qxf5 Rxf5 33.Be2 Rd5 34.Bc4 Rdd6 35.Bxe6 Rxe6 36.Rd1 h6
37.Rd8+ Kh7 38.Rd7  1-0

[Event "15th ETC Women"]
[Site "Gothenburg SWE"]
[Date "2005.07.31"]
[Round "2"]
[White "Topel,Z"]
[Black "Lalic,S"]
[Result "0-1"]
[WhiteElo "2081"]
[BlackElo "2362"]

1.Nf3 d5 2.g3 c5 3.Bg2 Nc6 4.O-O e6 5.d3 Bd6 6.Nbd2 Nge7 7.e4 O-O 8.c3 Bc7
9.Re1 b6 10.Qa4 a5 11.Nf1 d4 12.c4 Bd7 13.Qd1 a4 14.Ng5 f6 15.Nh3 Ra7 16.f4 b5
17.cxb5 Nb8 18.Qc2 Bb6 19.Nd2 Bxb5 20.Nc4 Nbc6 21.Bd2 Nb4 22.Bxb4 cxb4 23.b3 Rc7
24.Qd2 Bxc4 25.dxc4 d3+ 26.Nf2 Bd4 27.Qxb4 Bxa1 28.Rxa1 axb3 29.axb3 d2 30.Rd1 Rd7
31.Bh3 f5 32.e5 Qb8 33.Qc3 Rfd8 34.Bg2 Qc7 35.Qf3 Qc5 36.Kf1 Qd4 37.Ke2 Rb8
38.Rb1 Qc5 39.Qe3 Qa3 40.Nd1 Qb4 41.Qc3 Qc5 42.Qe3 Qc7 43.Qf3 Rd4 44.Rb2 Rbd8
45.Qb7 Qc5 46.Rc2 Rd3 47.Kf1 Re3 48.Nxe3 Qxe3 49.Bf3 Qd3+  0-1

[Event "15th ETC"]
[Site "Gothenburg SWE"]
[Date "2005.07.31"]
[Round "2"]
[White "McNab,C"]
[Black "Atakisi,U"]
[Result "1-0"]
[WhiteElo "2451"]
[BlackElo "2437"]

1.Nf3 d5 2.g3 c6 3.Bg2 Bg4 4.b3 Nd7 5.Bb2 Ngf6 6.d3 e6 7.Nbd2 Bd6 8.h3 Bh5
9.O-O O-O 10.Qe1 Qe7 11.a3 e5 12.Nh4 Bg6 13.e4 Rfe8 14.Qe2 a5 15.Nxg6 hxg6
16.exd5 cxd5 17.c4 Nb6 18.cxd5 Nbxd5 19.Rfe1 Bc7 20.Rac1 Qd7 21.Ne4 Bb6 22.Nc5 Qb5
23.a4 Qc6 24.Ba3 Bxc5 25.Rxc5 Qd6 26.Rxd5 Qxa3 27.Rb5 Re7 28.Qc2 Rd8 29.Rxa5 e4
30.Rd1 Red7 31.d4 Rxd4 32.Rxd4 Qa1+ 33.Kh2 Qxd4 34.Rc5 b6 35.Rc4 Qd3 36.Rc3 Qd4
37.Rc4 Qd3 38.b4 Qxc2 39.Rxc2 Rd4 40.Rb2 Nd5 41.a5 Rxb4 42.Rxb4 Nxb4 43.axb6 f5
44.Bf1 Nc6 45.Bb5 Nb8 46.Be8 Kh7 47.g4 fxg4 48.h4 Kh6 49.Kg3 Kh5 50.b7 Na6
51.Kf4 Kxh4 52.Bxg6 Nb8 53.Bxe4 g5+ 54.Kf5 Na6 55.Bd3 Nb8 56.Bb5 Kh3 57.Kxg5 g3
58.fxg3 Kxg3 59.Kf5  1-0

[Event "15th ETC"]
[Site "Gothenburg SWE"]
[Date "2005.07.31"]
[Round "2"]
[White "Votava,J"]
[Black "Bauer,Ch"]
[Result "1-0"]
[WhiteElo "2542"]
[BlackElo "2641"]

1.g3 d5 2.Nf3 g6 3.Bg2 Bg7 4.d4 Nf6 5.O-O O-O 6.Bf4 Nh5 7.Be3 c6 8.Qc1 Re8
9.Bh6 Bg4 10.Bxg7 Nxg7 11.c4 Na6 12.Nbd2 Rc8 13.Qc3 Nf5 14.Rfe1 Nd6 15.c5 Nb5
16.Qe3 f6 17.Rac1 Qa5 18.a3 b6 19.Nb3 Qa4 20.cxb6 axb6 21.Nfd2 Nd6 22.Rc3 Kg7
23.h4 h5 24.f3 Bd7 25.Qf2 Nb5 26.Rd3 Nac7 27.e4 Rcd8 28.Rc1 Ne6 29.Kh2 Nf8
30.f4 dxe4 31.Bxe4 Nd6 32.Bg2 Rc8 33.Rdc3 Nf5 34.Nc4 Qa6 35.Ne3 Qb5 36.Nxf5+ Bxf5
37.Re1 Be6 38.Nc1 Bd5 39.Nd3 Rcd8 40.Nb4 Bxg2 41.Qxg2 Rxd4 42.Nxc6 Rd6 43.Nxe7 Qd7
44.Rce3 Ne6 45.Nxg6 Rd2 46.R1e2 Rxe2 47.Qxe2 Qd5 48.Ne5 fxe5 49.Qxh5 Nc7
50.fxe5 Re6 51.Qg5+ Rg6 52.Qe7+ Kg8 53.Rc3 Qd2+ 54.Kh3 Rg7 55.Qd6 Qf2 56.Qd8+ Qf8
57.Qxf8+ Kxf8 58.Rc6 b5 59.h5 Re7 60.Kg4 Nd5 61.Kf5 Ne3+ 62.Kf4 Nc4 63.e6 Kg7
64.Kg5 Ne5 65.Rd6 Re8 66.Kf5 Nc4 67.Rd7+ Kh6 68.e7  1-0

[Event "International"]
[Site "Guelph CAN"]
[Date "2005.07.31"]
[Round "7"]
[White "Ivanov,IgorV"]
[Black "Zugic,I"]
[Result "1/2-1/2"]
[WhiteElo "2407"]
[BlackElo "2474"]

1.Nf3 d5 2.g3 g6 3.Bg2 Bg7 4.O-O e5 5.c4 d4 6.d3 Ne7 7.b4 O-O 8.Nbd2 c6 9.a4 a5
10.b5 c5 11.Nb3 Nd7 12.Bd2 Ra7 13.Bxa5 Rxa5 14.Nxa5 Qxa5 15.Nd2 Qc7 16.a5 Nb8
17.Qa4 Rd8 18.Rfb1 Nf5 19.a6 bxa6 20.b6 Qe7 21.b7 Be6 22.Qa5 Bf8 23.Ne4 Re8
24.Qb6 Nd6 25.Qxc5 Nxe4 26.Qxe7 Bxe7 27.Bxe4 Bd8 28.e3 Bc7 29.exd4 exd4 30.c5 Rd8
31.Ra4 a5 32.Rb5 Kf8 33.f4 Ke7 34.c6 f5 35.Bf3 Bf7 36.Re5+ Be6 37.Rb5 Rd6
38.h4 h5 39.Kf2 Kd8 40.Ke2 Bf7 41.Kd2 Be8 42.Rc4 Bxc6 43.Rbc5 Kd7 44.Ke1  1/2-1/2

[Event "Open Dutch Championship"]
[Site "Dieren NED"]
[Date "2005.08.01"]
[Round "6"]
[White "Hartoch,R"]
[Black "Neuer,T"]
[Result "1/2-1/2"]
[WhiteElo "2272"]
[BlackElo "2089"]

1.Nf3 d5 2.g3 Nf6 3.Bg2 Bf5 4.O-O e6 5.d3 h6 6.Nbd2 Be7 7.Qe1 c5 8.e4 Bh7
9.Qe2 Nc6 10.e5 Nd7 11.a3 Qc7 12.Re1 Rc8 13.c3 a5 14.a4 Rb8 15.Bf1  1/2-1/2

[Event "Open Dutch Championship"]
[Site "Dieren NED"]
[Date "2005.08.01"]
[Round "6"]
[White "Vogel,Ja"]
[Black "Van Rosmalen,J"]
[Result "1/2-1/2"]
[WhiteElo "2291"]
[BlackElo "2150"]

1.Nf3 d5 2.g3 Nf6 3.Bg2 Bf5 4.c4 c6 5.Qb3 Qc8 6.cxd5 cxd5 7.Nc3 e6 8.d3 Nc6
9.Bf4 Qd7 10.O-O Be7 11.e4 Bg6 12.Ne5 Nxe5 13.Bxe5 dxe4 14.dxe4 Rd8 15.Rfd1 Qc6
16.Rxd8+ Bxd8 17.Rd1 Bb6 18.Bd4 Bxd4 19.Rxd4 e5 20.Rc4 Qd7 21.Qb5 O-O 22.Qxd7 Nxd7
23.Rc7 Rd8 24.Rxb7 a6 25.f3 f6 26.Bh3 Nc5 27.Rc7 Nd3 28.Be6+ Kf8 29.b3 Bh5
30.g4 Be8 31.Bc4 Ne1 32.Kf2 Nc2 33.Bd5 h5 34.h3 Nb4 35.a3 Nd3+ 36.Kg2 Rd6
37.b4 hxg4 38.fxg4 g5 39.Nd1 a5 40.bxa5 Ra6 41.Ne3 Rxa5 42.Nc4 Ra6 43.Rb7 Nc5
44.Rc7 Nd3 45.Rb7  1/2-1/2

[Event "Petrovskaya Ladya IM"]
[Site "Peterhof RUS"]
[Date "2005.08.01"]
[Round "1"]
[White "Zhidkov,V"]
[Black "Sudakova,I"]
[Result "1-0"]
[WhiteElo "2410"]
[BlackElo "2360"]

1.Nf3 d5 2.g3 c5 3.Bg2 Nc6 4.O-O e5 5.c4 Nf6 6.Qa4 Bd6 7.Ng5 Bd7 8.cxd5 Nb4
9.Qd1 Nbxd5 10.Nc3 Nxc3 11.dxc3 Bc6 12.Bxc6+ bxc6 13.Qa4 Qc7 14.Ne4 Nxe4
15.Qxe4 O-O 16.Be3 Rab8 17.b3 f5 18.Qa4 Kh8 19.Qc4 Qe7 20.f3 f4 21.Bf2 e4
22.Qxe4 Qxe4 23.fxe4 Rfe8 24.Rad1 Bf8 25.gxf4 Rxe4 26.e3 a5 27.c4 a4 28.Rd3 Kg8
29.Kg2 axb3 30.axb3 Re7 31.Ra1 g6 32.Kf3 Reb7 33.Ra3 Bg7 34.Bh4 Bb2 35.Ra6 Rxb3
36.Rxb3 Rxb3 37.Rxc6 Bc1 38.Bf2 Ba3 39.Ke4 Rc3 40.Kd5 Kf7 41.Rc7+ Kf6 42.Rxh7 Kf5
43.Rf7+ Kg4 44.e4 Rd3+ 45.Kc6 Bc1 46.e5 Bxf4 47.Rxf4+ Kxf4 48.e6 Ke5 49.e7 Rd6+
50.Kc7 Re6 51.Bxc5 Kf6 52.Kd7 Kf7 53.Bd6  1-0

[Event "15th ETC"]
[Site "Gothenburg SWE"]
[Date "2005.08.02"]
[Round "4"]
[White "Dizdar,G"]
[Black "Bobras,P"]
[Result "0-1"]
[WhiteElo "2518"]
[BlackElo "2525"]

1.Nf3 d5 2.g3 Nf6 3.Bg2 c6 4.O-O Bg4 5.c4 e6 6.d3 Nbd7 7.cxd5 exd5 8.h3 Bxf3
9.Bxf3 Be7 10.Qc2 O-O 11.e4 Nc5 12.Be3 dxe4 13.dxe4 Qd3 14.Qxd3 Nxd3 15.Nc3 Rfd8
16.Rab1 Bc5 17.Bxc5 Nxc5 18.b4 Rd3 19.bxc5 Rxf3 20.Rfc1 Rb8 21.Rb4 Nd7 22.Nb1 Ne5
23.Rc2 h5 24.Kg2 g5 25.Ra4 g4 26.hxg4 hxg4 27.Rxa7 Kg7 28.Nd2 Rd3 29.Kf1 Rbd8
30.Nc4 Rd1+ 31.Ke2 Nf3 32.Nd6 R1xd6 33.cxd6 Nd4+ 34.Kd3 Nxc2 35.Kxc2 Rxd6
36.Rxb7 Rf6 37.Rb2 Rxf2+ 38.Kc3 Rf3+ 39.Kd4 Rxg3 40.Ke5 Rf3 41.Rg2 g3 42.a4 Kg6
43.a5 Kg5 44.Ra2 Rf2 45.Ra3 g2 46.Rg3+ Kh4 47.Rg8 Kh3 48.a6 Ra2 49.Kf4 Kh2
50.Rh8+ Kg1  0-1

[Event "XIII Adolfo Pedrido Mem"]
[Site "Vilagarcia de Arousa ESP"]
[Date "2005.08.02"]
[Round "2"]
[White "Garcia del Campo,L"]
[Black "Abreu,A"]
[Result "0-1"]
[WhiteElo "2184"]
[BlackElo "2442"]

1.Nf3 d5 2.g3 Nf6 3.Bg2 c6 4.O-O Bf5 5.d3 h6 6.Nbd2 e6 7.b3 Be7 8.Bb2 O-O
9.c4 a5 10.Qc2 Nbd7 11.a3 Bh7 12.Rfe1 Qb6 13.Rad1 Rfd8 14.Qc3 Bc5 15.d4 Be7
16.c5 Qc7 17.b4 Ne4 18.Nxe4 Bxe4 19.Nd2 Bxg2 20.Kxg2 b6 21.f3 axb4 22.axb4 bxc5
23.bxc5 Rdb8 24.e4 Ra2 25.Bc1 Bf6 26.exd5 exd5 27.Kh1 Qa7 28.Qd3 Nf8 29.f4 Qa4
30.Nf3 Rb3 31.Qf1 Rb1 32.Be3 Rxd1 33.Rxd1 Qb3 34.Qd3 Qb2 35.Qd2 Qb3 36.Qd3 Qa4
37.Rb1 Ra3 38.Qd2 Qc4 39.f5 Ra2 40.Qd1 Re2 41.Bg1 Re8 42.Rc1 Qa6 43.Ra1 Qc8
44.Qd3 Nd7 45.Nd2 Nxc5 46.Qf3 Ne4 47.Nf1 c5 48.Rc1 c4 49.Ne3 Bxd4 50.Nxd5 Bxg1
51.Rxg1 Qc5 52.Ne3 Nd2  0-1

[Event "Open Dutch Championship"]
[Site "Dieren NED"]
[Date "2005.08.03"]
[Round "8"]
[White "Hartoch,R"]
[Black "Struik,T"]
[Result "1/2-1/2"]
[WhiteElo "2272"]
[BlackElo "2206"]

1.Nf3 d5 2.g3 c5 3.c4 d4 4.e3 Nc6 5.exd4 cxd4 6.Bg2 Nf6 7.O-O h6 8.Re1 Bf5
9.d3 e6 10.Na3 Bc5 11.Nc2 O-O 12.a3 a5 13.Rb1 a4 14.b4 axb3 15.Rxb3 Ra7 16.Bd2 Bh7
17.Bb4 Nd7 18.Qd2 Re8 19.Reb1  1/2-1/2

[Event "15th ETC Women"]
[Site "Gothenburg SWE"]
[Date "2005.08.03"]
[Round "5"]
[White "Lauterbach,I"]
[Black "Vasiliev,Olg"]
[Result "0-1"]
[WhiteElo "2156"]
[BlackElo "2202"]

1.Nf3 d5 2.g3 Nf6 3.Bg2 e6 4.O-O Be7 5.c4 O-O 6.b3 b6 7.Bb2 Ba6 8.d3 Nbd7
9.Nc3 c6 10.Re1 e5 11.e3 Rc8 12.Ne2 Bb4 13.Rf1 Re8 14.a3 Bd6 15.Nd2 Bb8 16.b4 e4
17.dxe4 Bxc4 18.exd5 cxd5 19.Nxc4 dxc4 20.a4 Qe7 21.b5 Nc5 22.Qc2 Nd3 23.Ba3 Qe5
24.Nf4 Red8 25.Rad1 g5 26.Nxd3 cxd3 27.Qb1 Qf5 28.Be7 Be5 29.f4 gxf4 30.gxf4 Bc3
31.Bxd8 Rxd8 32.Rf3 Kh8 33.Rg3 Ba5 34.Bf1 Ne4 35.Bxd3 Qh5 36.Rg2 Nc3 37.Be2 Nxe2+
38.Kf2 Rf8 39.Qd3 Nc3 40.Rdg1 Qh4+ 41.Kf3 Qh5+ 42.Kf2 Qd5 43.Qxd5 Nxd5 44.f5 Bb4
45.Rd1 Nc3 46.Rd7 Bc5 47.Kf3 Nxa4 48.f6 Nc3 49.e4 Nxb5 50.e5 Nd4+ 51.Ke4 Ne6
52.Rxa7 h6 53.Rg3 b5 54.Kd5 Bxa7  0-1

[Event "15th ETC Women"]
[Site "Gothenburg SWE"]
[Date "2005.08.03"]
[Round "5"]
[White "Kovalevskaya,E"]
[Black "Milliet,S"]
[Result "1-0"]
[WhiteElo "2471"]
[BlackElo "2321"]

1.Nf3 d5 2.g3 Bg4 3.Bg2 Nd7 4.c4 e6 5.cxd5 exd5 6.O-O Ngf6 7.d3 Be7 8.h3 Bxf3
9.Bxf3 O-O 10.Nc3 c6 11.Bg2 Re8 12.e3 a5 13.a4 Qb6 14.e4 dxe4 15.dxe4 Bc5
16.Qe2 Bd4 17.Bf4 Nc5 18.Rab1 Qb3 19.Rfd1 Bxc3 20.bxc3 Qxa4 21.e5 Nfd7 22.Rd4 Qa3
23.Qc2 Rxe5 24.Kh2 Ne6 25.Rxd7 Nxf4 26.gxf4 Re6 27.Rbxb7 Rf6 28.Qd2 Qf8 29.Ra7 Re8
30.Rxa5 h6 31.Re5 Rb8 32.Rde7 Kh7 33.Be4+ g6 34.f5 gxf5 35.Rxf5  1-0

[Event "Petrovskaya Ladya IM"]
[Site "Peterhof RUS"]
[Date "2005.08.03"]
[Round "3"]
[White "Utkin,Alek"]
[Black "Sudakova,I"]
[Result "1-0"]
[WhiteElo "2382"]
[BlackElo "2360"]

1.Nf3 d5 2.g3 c5 3.Bg2 Nc6 4.O-O Nf6 5.d3 e5 6.Nbd2 Be7 7.e4 d4 8.Nc4 Qc7
9.a4 O-O 10.h3 Ne8 11.Qe2 f6 12.Nh4 Nd6 13.Nxd6 Bxd6 14.Nf5 Ne7 15.Nxe7+ Bxe7
16.f4 Be6 17.f5 Bf7 18.b3 b6 19.g4 a6 20.h4 b5 21.g5 c4 22.bxc4 bxc4 23.Qg4 Qd7
24.Rf3 cxd3 25.cxd3 Rfc8 26.Rg3 Bb3 27.h5 Rxc1+ 28.Rxc1 fxg5 29.h6 gxh6 30.Rh3 Bf8
31.a5 Rc8 32.Rf1 Bf7 33.Rb1 Qa4 34.f6 Re8 35.Rb7 Re6 36.Rb6 Rxb6 37.axb6 Qb5
38.Qf5 Qb1+ 39.Bf1 Qxb6 40.Qxe5 Qd6 41.Qxd6 Bxd6 42.Rf3 Bf4 43.Bh3 Bb3 44.Rf1 a5
45.Ra1 Bd2 46.Bd7 Kf7 47.e5 h5 48.Kf2 Bc3 49.Rb1 a4 50.Bxa4 Bxa4 51.Rb7+ Kg6
52.f7 Kg7 53.e6 g4 54.Rb8 g3+ 55.Kxg3 Be1+ 56.Kf4 Bd2+ 57.Ke5  1-0

[Event "ch-IRI Semi-Final"]
[Site "Tehran IRI"]
[Date "2005.08.03"]
[Round "1"]
[White "Banirashid,S"]
[Black "Ghorbani,H"]
[Result "0-1"]
[WhiteElo "2242"]
[BlackElo "2100"]

1.Nf3 d5 2.g3 Nf6 3.Bg2 c6 4.b3 Bf5 5.Bb2 e6 6.O-O Be7 7.d3 O-O 8.Nbd2 a5
9.Nh4 Bg4 10.h3 Bh5 11.g4 Bg6 12.Nxg6 hxg6 13.e4 a4 14.Qe2 Na6 15.a3 axb3
16.e5 Nd7 17.cxb3 Qb6 18.Kh1 g5 19.h4 gxh4 20.f4 Bc5 21.Nf3 Qxb3 22.f5 Nc7
23.f6 g6 24.Qd2 Rfb8 25.Qh6 Ne8 26.Bc1 Qxd3 27.Ng5 Nf8 28.Qxh4 Bd4 29.Bb2 Bxb2
30.Rf3 Qxf3 31.Nxf3 Bxa1 32.Qe1 Bb2 33.Bf1 Rxa3 34.Kg2 Bc3 35.Qc1 Rba8 36.Bd3 Rb3
37.Qe3 Ra2+ 38.Kh3 d4 39.Qe4 Ba1 40.Kh4 Raa3  0-1

[Event "15th ETC Women"]
[Site "Gothenburg SWE"]
[Date "2005.08.04"]
[Round "6"]
[White "Svendsen,H"]
[Black "Galojan,L"]
[Result "0-1"]
[WhiteElo "1775"]
[BlackElo "2223"]

1.Nf3 d5 2.g3 Nf6 3.Bg2 Bf5 4.d3 e6 5.O-O Be7 6.c4 O-O 7.Nc3 c6 8.Re1 Bg6
9.Ne5 Nbd7 10.Nxg6 hxg6 11.cxd5 cxd5 12.d4 Nb6 13.b3 Rc8 14.Bd2 Qd7 15.a4 Rc6
16.a5 Na8 17.Rc1 Rfc8 18.Na2 Rxc1 19.Nxc1 Ne4 20.Nd3 Qb5 21.b4 Rc4 22.Bxe4 dxe4
23.Nb2 Rxd4 24.Qc2 Rd8 25.Rd1 Qxe2 26.Qc1 Kh7 27.h4 Rd5 28.Kh2 Qxf2+ 29.Kh3 Bf6
30.Nc4 Qf5+ 31.Kh2 Qf2+ 32.Kh3 Rd3 33.Bf4 e5 34.Rxd3 exd3 35.Bxe5 d2 36.Qd1 Bxe5
37.Nxe5 Qe1  0-1

[Event "15th ETC"]
[Site "Gothenburg SWE"]
[Date "2005.08.04"]
[Round "6"]
[White "Hansen,LB"]
[Black "Collins,S IRL"]
[Result "0-1"]
[WhiteElo "2567"]
[BlackElo "2413"]

1.Nf3 d5 2.g3 Nf6 3.Bg2 Bg4 4.O-O c6 5.d4 Nbd7 6.Nbd2 e6 7.Re1 Be7 8.e4 dxe4
9.Nxe4 Nxe4 10.Rxe4 Nf6 11.Re1 O-O 12.c3 a5 13.Qb3 Ra7 14.a4 Bf5 15.Ne5 Nd5
16.g4 Bg6 17.Nxg6 hxg6 18.c4 Nf6 19.h3 Qc7 20.Be3 Raa8 21.Rad1 Rfe8 22.Rd3 Bd6
23.Red1 Rab8 24.Qc2 Bh2+ 25.Kf1 Bf4 26.Qd2 Bxe3 27.Qxe3 Rbd8 28.Qe5 Qb6 29.b3 Nd7
30.Qf4 e5 31.dxe5 Nc5 32.Rxd8 Rxd8 33.Qf3 Rxd1+ 34.Qxd1 Nxb3 35.e6 fxe6 36.Be4 Nd4
37.Bxg6 c5 38.Be4 Qb4 39.Kg2 Qxc4 40.Bxb7 Qb4 41.Be4 Qb8 42.Qe1 Qc7 43.Qe3 Kf8
44.Qg5 Ne2 45.Kf3 Nc3 46.Bc2 Qb7+ 47.Ke3 Nd5+ 48.Ke2 Qa6+ 49.Bd3 Qd6 50.Kf3 Nc3
51.Bc4 Qc6+ 52.Kf4 Qd6+ 53.Kf3 Qc6+ 54.Kf4 Qe4+ 55.Kg3 Qxc4 56.Qd8+ Kf7 57.Qd7+ Kf6
58.Qd8+ Ke5 59.Qc7+ Ke4 60.Qxa5 Ne2+ 61.Kh4 Qd5 62.Qb6 Kf3 63.Qc7 Nf4 64.a5 Qe4
65.Qd6 Qh7+  0-1

[Event "15th ETC Women"]
[Site "Gothenburg SWE"]
[Date "2005.08.05"]
[Round "7"]
[White "Danielian,E"]
[Black "Madl,I"]
[Result "1/2-1/2"]
[WhiteElo "2433"]
[BlackElo "2382"]

1.Nf3 d5 2.g3 c6 3.Bg2 Bg4 4.O-O Nf6 5.d3 e6 6.Nbd2 Nbd7 7.b3 Bd6 8.Bb2 O-O
9.c4 Re8 10.Qc2 a5 11.a3 Qe7 12.h3 Bh5 13.e4 dxe4 14.dxe4 e5 15.Nh4 Bc5 16.Nf5 Qd8
17.Bc3 Qb6 18.g4 Bg6 19.Rad1 Rad8 20.Bb2 Bxf5 21.exf5 Bd4 22.Bxd4 exd4 23.Nf3 c5
24.Rfe1 Qc7 25.Qc1 h6 26.Nh2 Rxe1+ 27.Rxe1 Re8 28.Rxe8+ Nxe8 29.h4 Qb6 30.Qd1 Nd6
31.Qf3 a4 32.bxa4 Qb1+ 33.Nf1 Nxc4 34.Qd5 Ncb6 35.Qxb7 Qe1 36.a5 Qxa5 37.Qe4 Nf6
38.Qf4 Nfd7 39.g5 hxg5 40.hxg5 Qe1 41.Qc7 Qe8 42.g6 fxg6 43.fxg6 Qxg6 44.a4 Qe6
45.a5 Nd5 46.Bxd5 Qxd5 47.a6 Ne5 48.Nd2 Nc6 49.a7 Nxa7 50.Qxa7 Qg5+ 51.Kf1 Qxd2
52.Qxc5 Qd1+ 53.Kg2 Qg4+ 54.Kf1 Qe4 55.Qc8+ Kh7 56.Qh3+ Kg6 57.Qg3+ Kh6 58.Qh3+ Kg5
59.Qg3+ Qg4 60.Qe5+ Kh4 61.Qd5 Qd1+ 62.Kg2 Qg4+ 63.Kf1 g5 64.Qa5 Qd1+ 65.Kg2 Qg4+
66.Kf1 Qe4 67.Qd8 Kg4 68.Qc8+ Kf4 69.Qc7+ Qe5 70.Qf7+ Qf5 71.Qc7+ Kg4 72.Qg3+ Kh5
73.Qh2+ Kg6 74.Qd6+ Qf6 75.Qa3 Qb6 76.Qa8 Kf6 77.Qh8+ Kf5 78.Qh7+ Ke5 79.Qe7+ Kf4
80.Qf7+ Ke4 81.Qe7+ Kd3 82.Qe2+ Kc3 83.Qe1+ Kc2 84.Qe2+ Kc3 85.Qe1+ Kc4 86.Qc1+ Kb4
87.Qd2+ Ka4 88.Qxg5 Qb1+ 89.Kg2 Qe4+ 90.Kf1 d3 91.Qh5 Kb4 92.f4 d2 93.Qd1 Qxf4+
94.Ke2 Qh2+ 95.Kd3 Qd6+ 96.Kc2  1/2-1/2

[Event "15th ETC"]
[Site "Gothenburg SWE"]
[Date "2005.08.05"]
[Round "7"]
[White "Seeman,T"]
[Black "Rusev,K"]
[Result "1/2-1/2"]
[WhiteElo "2405"]
[BlackElo "2426"]

1.Nf3 d5 2.g3 Nf6 3.Bg2 c6 4.b3 Bg4 5.Bb2 Nbd7 6.O-O e6 7.d3 Be7 8.Nbd2 O-O
9.a3 Re8 10.h3 Bh5 11.e4 dxe4 12.dxe4 Bxf3 13.Qxf3 e5 14.Qe2 Qc7 15.Kh1 Rad8
16.Rad1 Bf8 17.h4 b5 18.Nf3 Bd6 19.Nh2 Nf8 20.Bh3 Qe7 21.b4 N8d7 22.Ng4 Nxg4
23.Bxg4 Nb6 24.Bc1 Qb7 25.Rd3 Be7 26.Rfd1 Rxd3 27.Rxd3 c5 28.bxc5 Bxc5 29.Kg2 Bd4
30.c3 Bc5 31.h5 Be7 32.Qa2 a6 33.Bd1 Rd8 34.Rxd8+ Bxd8 35.Bb3 Qd7 36.h6 g6
37.Qe2 Qd6 38.Qf3 Nc4 39.a4 Qc6 40.Qd3 Be7 41.axb5 axb5 42.g4 Qd6 43.Qd1 g5
44.f3 f6 45.Kg3 Kf7 46.Qe2 Bf8 47.Qa2 Qc6 48.Ba3 Qa6 49.Bc1 Qxa2 50.Bxa2 Bc5
51.Bb1 Kg6 52.Bd3 Kxh6 53.Kg2 Kg6 54.Kf1 Nd6 55.Bd2 Kf7 56.Ke2 Ke6 57.Kd1 Kd7
58.Bc1 Kc6 59.Kc2 Kb6 60.Kb3 Ka5 61.Bd2 Ne8 62.Bb1 Ng7 63.Ba2 Ne6 64.Kc2 Nf8
65.Bf7 Nd7 66.Be6 Nb6 67.Kb3 Na8 68.Bg8 h6 69.Bd5 Nc7 70.Bf7 Na6 71.Bc1 Kb6
72.Be8 Nc7 73.Bd7 Na6 74.Be8 Nb8 75.Bd2 Ka5 76.c4+ b4 77.Bb5 Bd6 78.Be3 Be7
79.Bf2 Bf8 80.Be3 Be7 81.Bf2 Bf8 82.Be3 Be7 83.Bf2  1/2-1/2

[Event "Ave-Kontakt Cup IMB"]
[Site "Olomouc CZE"]
[Date "2005.08.05"]
[Round "4"]
[White "Jasim,A"]
[Black "Plat,V"]
[Result "1-0"]
[WhiteElo "2318"]
[BlackElo "1945"]

1.Nf3 d5 2.g3 Nf6 3.Bg2 Bf5 4.c4 e6 5.O-O c6 6.d3 Nbd7 7.cxd5 exd5 8.Nc3 Bb4
9.Qb3 Bxc3 10.bxc3 Nb6 11.Ba3 Qc7 12.Nd4 Bd7 13.Rab1 c5 14.Nb5 Qc6 15.c4 O-O
16.Rfc1 dxc4 17.dxc4 Ne4 18.Rd1 Bf5 19.Nd6 Bg6 20.Qe3 Qxd6 21.Rxd6 Nxd6 22.Rc1 Nbxc4
23.Qb3 Nxa3 24.Qxa3 Rfe8 25.e3 Ne4 26.f3 Nd6 27.Rxc5 b6 28.Rc1 Nf5 29.e4 Nd4
30.Rd1 Nc6 31.Qa4 Rac8 32.Bh3 f5 33.exf5 Bf7 34.f6 Rcd8 35.Bd7 b5 36.Qxb5 Ne5
37.Bxe8 Rxd1+ 38.Kg2 Rd2+ 39.Kh3 Be6+ 40.g4 gxf6 41.Qb8 Kg7 42.Qxa7+ Nf7
43.a4 Rd3 44.Kg3 Bd5 45.Bxf7 Bxf7 46.a5 Kg6 47.Qc5 Kg7 48.Qe7 Rd1 49.a6 Ra1
50.a7  1-0

[Event "92nd ch-GBR"]
[Site "Douglas IOM"]
[Date "2005.08.06"]
[Round "6"]
[White "De Coverly,R"]
[Black "Taylor,Ge"]
[Result "1-0"]
[WhiteElo "2086"]
[BlackElo "2135"]

1.Nf3 d5 2.g3 Nf6 3.Bg2 Nbd7 4.d4 c6 5.Nbd2 e6 6.c4 Bd6 7.O-O O-O 8.Qc2 e5
9.cxd5 cxd5 10.dxe5 Nxe5 11.Nxe5 Bxe5 12.Nf3 Qc7 13.Qxc7 Bxc7 14.Be3 Re8
15.Rac1 Bd6 16.h3 Ne4 17.Rfd1 Nxg3 18.fxg3 Rxe3 19.Rxd5 Be7 20.Kf2 Re6 21.h4 h6
22.Rdd1 Rb6 23.b3 Ra6 24.a4 Rb6 25.Nd4 Ba3 26.Rc4 Rf6+ 27.Kg1 Bd6 28.Nb5 Be7
29.Nc7 Rb8 30.Nd5 Kf8 31.Nxf6 Bxf6 32.Bd5 Be5 33.Kg2 b6 34.Rf1 f6 35.Rfc1 Ba6
36.R4c2 Rd8 37.e4 Bd6 38.Kf3 Ke7 39.g4 Rd7 40.Bc6 Rd8 41.Bb5 Bxb5 42.axb5 Be5
43.Ra2 Bb8 44.Ke2 Ke6 45.Ra4 g5 46.h5 Rd7 47.Rc6+ Ke7 48.Rc8 Bf4 49.Rh8 Rd2+
50.Ke1 Rb2 51.Rxa7+ Kd6 52.Rxh6 Ke5 53.Rd7 Kxe4 54.Rxf6 Kf3 55.h6 Kxg4 56.h7 Rh2
57.Rxb6 Kf3 58.Kd1 g4 59.Rg6 g3 60.b6 g2 61.b7 Kf2 62.Rf7  1-0

[Event "15th ETC"]
[Site "Gothenburg SWE"]
[Date "2005.08.06"]
[Round "8"]
[White "Markowski,T"]
[Black "Fressinet,L"]
[Result "1/2-1/2"]
[WhiteElo "2564"]
[BlackElo "2627"]

1.Nf3 d5 2.g3 Bg4 3.Bg2 c6 4.O-O e6 5.d3 Nd7 6.c4 Ngf6 7.cxd5 cxd5 8.Nc3 Be7
9.h3 Bxf3 10.Bxf3 Ne5 11.Bg2 O-O 12.Qb3 Qd7 13.e4 Nxd3 14.exd5 Nxc1 15.Raxc1 exd5
16.Nxd5 Nxd5 17.Bxd5 Bg5 18.Rc2 Rac8 19.Rxc8 Rxc8 20.h4 Bf6 21.Rd1 b6 22.Qf3 Qe7
23.b3 Rd8 24.Kg2 g6 25.h5 Bg5 26.a4 Kg7 27.Rd3 Rd7 28.Qd1 Bf6 29.Qg4 Rd8
30.Rd1 Qe5 31.Bf3  1/2-1/2